Statistics for Země nejblíže k Andoře

Click here to take the quiz!

General Stats

  • This quiz has been taken 110 times
  • The average score is 16 of 20

Answer Stats

kmzemě% Correct
0Francie
100%
0Španělsko
99%
485Itálie
96%
637Portugalsko
95%
718Německo
94%
821Belgie
93%
793Rakousko
89%
956Nizozemsko
87%
515Švýcarsko
87%
873San Marino
82%
832Lucembursko
81%
880Vatikán
80%
784Lichtenštejnsko
73%
867Maroko
68%
474Monako
67%
996Slovinsko
67%
856Tunisko
61%
637Alžírsko
60%
904Spojené království
51%
988Chorvatsko
49%

Score Distribution

Percentile by Number Answered

Percent of People with Each Score

Your Score History

You have not taken this quiz